|
|
|
|
| LEADER |
01105naa a2200217 i 4500 |
| 001 |
acta77007 |
| 005 |
20221110134212.0 |
| 008 |
221110s2021 hu o 1|| hun d |
| 020 |
|
|
|a 978-963-306-829-8
|
| 040 |
|
|
|a SZTE Egyetemi Kiadványok Repozitórium
|b hun
|
| 041 |
|
|
|a hun
|
| 100 |
1 |
|
|a Hostyánszki Gabriella
|
| 245 |
1 |
2 |
|a A munkahelyi mentálhigiéné jelentősége a kiégés prevenciójában = The importance of the mental hygiene at work in burnout prevention
|h [elektronikus dokumentum] :
|b [absztrakt] /
|c Hostyánszki Gabriella
|
| 260 |
|
|
|a Szegedi Tudományegyetem Egészségtudományi és Szociális Képzési Kar
|b Szeged
|c 2021
|
| 300 |
|
|
|a 33
|
| 490 |
0 |
|
|a Főiskolát és Egyetemet Végzett Ápolók Országos Kongresszusa
|v 14
|
| 650 |
|
4 |
|a Társadalomtudományok
|
| 650 |
|
4 |
|a Pszichológia
|
| 695 |
|
|
|a Mentálhigiéné - előadáskivonat, Kiégés - megelőzés - előadáskivonat
|
| 711 |
|
|
|a Főiskolát és Egyetemet Végzett Ápolók Országos Kongresszusa (14.)
|c Szeged
|d 2021
|
| 856 |
4 |
0 |
|u http://acta.bibl.u-szeged.hu/77007/1/apolok_orszagos_kongresszusa_014_033.pdf
|z Dokumentum-elérés
|